Historia argentina (1830-1992) /

Guardado en:
Autor Principal: Di Tella, Torcuato S.
Formato: Libro
Publicado: Buenos Aires : Troquel,1993.
Etiquetas: Agregar Etiqueta
Sin Etiquetas, Sea el primero en etiquetar este registro!
LEADER 01605nam a22001695a 4500
001 CEM.cems018560
005 20171002114522.0
008 130507b######################000#0#####d
003 CEMS
020 |a 9501662462 
082 0 4 |a 982.06 
100 1 |a Di Tella, Torcuato S. 
245 1 0 |a Historia argentina (1830-1992) /  |c Torcuato S. de Tella 
260 |a Buenos Aires :  |b Troquel,1993. 
300 |a 350p. ; 20cm. 
505 0 |a La confederación Argentina. La época de Rosas - Caracteristicas sociales y políticas de la Argentina del Siglo XIX - Primer gobierno de Rosas (1829-1832) - Gobiernos provinciales autónomos (1829-1835) - Retorno de Rosas al poder - Segundo período de Rosas (1835-1852) - Generación del 37 - Caída de Rosas - Organización Nacional (1852-1880). Liberalismo Constitucional - Urquiza y la organización Constitucional de la Confederación (1852-1860) - Estado de Buenos Aires (1852-1860) - Presidencia de Mitre - Guerra de Triple Alianza (1865-1870) - Presidencia de Sarmiento (1868-1874) - Presidencia de Avellaneda (1874-1880) - La Conquista del Desierto. Capitalización de Buenos Aires - La generación del 80 (18880-1916) - La generación del 80 - Primera Presidencia de Roca (1880-1886) - La revolución del 90 - Los gobiernos radicales - Primer gobierno de Yrigoyen - Presidencia de Alvear - Segunda presidencia de Yrigoyen - Regimen militar: José Feliz Uriburu - Presidencia de Agustin P.Justo - El justicialismo - Gobierno militares (1943-1946) - Presidencias de Perón (19465-1955) - Presidencia de Frondizi - 
859 |a CEMS  |b BIB. CEMS - Agricultura  |h 982.06  |i D634-1  |p A2919.17  |t Ej.1